Countries of the Caribbean with Capitals - Statistics

General Stats
  • This quiz has been taken 3,607 times
  • The average score is 11 of 13
Answer Stats
Hint Answer % Correct
Havana Cuba
97%
Kingston Jamaica
95%
Nassau Bahamas
94%
Port-au-Prince Haiti
94%
Santo Domingo Dominican Republic
92%
Bridgetown Barbados
88%
Port-of-Spain Trinidad & Tobago
86%
Roseau Dominica
81%
Castries St. Lucia
79%
Kingstown St. Vincent & the Grenadines
79%
St. John's Antigua & Barbuda
78%
Basseterre St. KItts & Nevis
78%
St. George's Grenada
77%
No matching quizzes found
Score Distribution
Percent of People with Each Score
Percentile by Number Answered
Your Score History
You have not taken this quiz